• 首页
  • 本馆介绍
  • 公告通知
  • 最新文献
  • 馆藏检索
  • 电子资源
  • 读者导购
  • 参考咨询
  • 我的图书馆
  • 登录
  • 详细信息显示
  • 放入我的书架
  • 预约/预借图书
  • 作者相关作品
  • 分类相关作品
  • 丛书相关作品
  • 出版社相关作品

书目信息

  • 表格格式
  • 工作单格式
  • 卡片格式
题名:
地理
    
 
作者: ;人民教育出版社地理社会室 编
分册: 第一册  
出版信息: 北京   人民教育出版社  1995
页数: 145页
开本: 26cm
丛书名:
单 册:
中图分类: K90-43
科图分类: 57.1054
主题词: 地理--师范学校--教材
电子资源:
ISBN: 7-107-08123-3
000 00788nam0 2200253 45
001 0194041223
005 20070724082703.89
010    @a7-107-08123-3@dCNY7.80
100    @a19940809d1995 em y0chiy0121 ea
101 0  @achi
102    @aCN@b110000
105    @af z 000yy
200 10 @a地理@ADI LI@h第一册@f人民教育出版社地理社会室编@FREN MIN JIAO YU CHU BAN SHE DI LI SHE HUI SHI BIAN
205    @a2版
210    @a北京@c人民教育出版社@d1995@h1997
215    @a145页@d26cm
300    @a中等师范学校教科书(试用本)
540 1  @a地理@ADI LI
606    @a地理@x师范学校@x教材
690    @aK90-43@v三版
692    @a57.1054
711 02 @a人民教育出版社地理社会室@AREN MIN JIAO YU CHU BAN SHE DI LI SHE HUI SHI@4编
801  0 @aCN@bTSSF@c20070724
905    @a10447@dK90-43@e164:1=2
    
    地理.第一册/人民教育出版社地理社会室编.-2版.-北京:人民教育出版社,1995(1997)
    145页;26cm
    中等师范学校教科书(试用本)
    
    ISBN 7-107-08123-3:CNY7.80
    
●
相关链接 在E读中查询图书 在五车中查询图书 在当当中查询图书 在豆瓣中查询图书


正题名:地理     索取号:K90-43/164:1=2         预约/预借

序号 登录号 条形码 馆藏地/架位号 状态 备注
1 0768453   207684530   第二样本阅览室/ [索取号:K90-43/164:1=2] 在馆    
唐山师范学院图书馆 欢迎您!
大连网信软件有限公司© 版权所有